| 000 | 00385nam a2200157Ia 4500 | ||
|---|---|---|---|
| 008 | 210210b1909 xxu||||| |||| 00| 0 eng d | ||
| 041 | _aeng | ||
| 082 | _a825/644 | ||
| 100 | _aPATER (Waltera) | ||
| 245 | _aMiscellaneous studies | ||
| 260 |
_aLondon _bMacmillan & Co. Ltd. _c1909 |
||
| 650 | _astudies | ||
| 650 | _aMiscellaneous | ||
| 690 | _aEnglish Criticism | ||
| 906 | _a014960 | ||
| 999 |
_c134190 _d134190 |
||